WWII War Movies Quiz - Statistics

General Stats
  • This quiz has been taken 330 times
    316 since last reset
  • The average score is 17 of 55
Answer Stats
Year of release Hint Answer % Correct
1998 American soldiers go on a mission to save a man who's 3 brothers have been killed Saving Private Ryan
94%
2017 British soldiers are rescued from Europe by a fleet of small ships. Dunkirk
93%
1993 A German industrialist saves Jews by offering them work in his weapons factory Schindler's List
67%
2014 An American tank crew fights into Germany Fury
65%
2009 A band of Jewish soldiers carve swastikas into Nazi's foreheads. Inglorious Basterds
63%
1963 Germans put all the escaped POW into one camp, with understandable results. The Great Escape
57%
1957 British POWs show the Japanese how to build a bridge. The Bridge on the River Kwai
53%
1942 A cynical American nightclub owner protects an old flame and her husband from Nazis in Morocco. Casablanca
52%
2008 A German boy develops a friendship through a fence with a Jewish boy in a concentration camp. The Boy in the Stripped Pajamas
52%
1970 Biopic of a controversial WWII American general. Patton
51%
2016 A pacifist soldier saves 75 wounded soldiers in the Battle of Okinawa Hacksaw Ridge
50%
2002 A Polish Jewish musician struggles for survival in occupied Warsaw. The Pianist
50%
1981 Grizzled German submarine crew struggle through Atlantic patrols. Das Boot
49%
1976 Dramatisation of the decisive battle of the Pacific theatre. Midway
47%
1977 One to many bridges for British paratroopers to capture from the Germans. A bridge too Far
44%
2001 A Russian and German sniper engage in a duel in Stalingrad Enemy at the Gates
43%
1967 Twelve prisoners are freed from jail for a dangerous mission. The Dirty Dozen
42%
2008 German officer tries to assassinate Hitler with a briefcase bomb. Valkyrie
42%
2014 A group of artists are assigned to rescue art from the Nazis Monuments Men
39%
1993 German soldiers suffer in the Russian city on the Volga River. Stalingrad
37%
1961 Commandos climb an un-climbable cliff on a Greek island to silence German guns. The Guns of Navarone
37%
1970 The Japanese plan and conduct their attack on Pearl Harbour. Tora! Tora! Tora!
37%
1970 A group of American soldiers push through German lines to capture a bank full of gold Kelly's Heroes
35%
2004 Adolf Hitler's secretary narrates his last days. Downfall
32%
1962 Allied forces fight through the Normandy beaches and make the first push into occupied France. The Longest Day
32%
1968 Allied soldiers go on an undercover mission in the Alps to rescue an American general. Where Eagles Dare
30%
1965 Dramatisation of the final Nazi counterattack on the Western Front Battle of the Bulge
29%
2006 Japanese soldiers tell the story of the Battle of Iwo Jima from their perspective. Letters from Iwo Jima
29%
2014 Mathematicians at Bletchley park break enigma. The Imitation Game
29%
2017 Winston Churchill decides whether Britain should negotiate with or fight the Nazis Darkest Hour
28%
1997 An Italian father tries to hide the horrors of the Holocaust from his son. Life is Beautiful
26%
1990 A US bomber crew in England prepare for their final mission. Memphis Belle
26%
1987 A privileged English boy is captured by the Japanese and sent to a prison camp. Empire of the Sun
24%
1955 British bombers go on a daring raid using bouncing bombs to destroy German Ruhr infrastructure. The Dam Busters
24%
1976 Nazis disguised as polish soldiers parachute into England to kidnap or kill the British PM The Eagle has Landed
24%
2012 The Tuskegee Airmen defend US bombers from German attack. Red Tails
21%
2013 A young girl borrows books from a German officers library. The Book Thief
18%
1998 A US army absconder is forced back into service to fight in the battle of Guadalcanal Thin Red Line
18%
1969 British pilots rally against the forces of the Luftwaffe and win a decisive air campaign. The Battle of Britain
15%
1957 The British Navy sets out to destroy a Nazi super-battleship in the Mediterranean. Sink the Bismark!
14%
1953 A suspected spy in a German POW camp tries to find the real spy to protect himself from his fellow American prisoners. Stalag 17
14%
1977 German officers develop a rivalry on the Eastern front over the highest German military honour. Cross of Iron
12%
2008 4 Jewish brothers start a resistance against the Nazis in Eastern Europe. Defiance
11%
1949 A despised sergeant leads his men through the Battle of Iwo Jima Sands of Iwo Jima
11%
1969 The Germans blow up the last bridge of the Rhine trapping their own men on the wrong side. The Bridge at Remagen
11%
2016 Secret operatives fall in love and hope to start new lives, but their relationship is challenged by the pressures of war. Allied
10%
1985 A Belorussian boy joins the Soviet resistance and experiences the horrors of Nazi actions. Come and See
9%
1960 A US destroyer and German U-Boat meet in the Atlantic, their expert captains begin a deadly game of cat-and-mouse. The Enemy Below
9%
1980 An American WWI veteran and the men in his unit try to survive WWII The Big Red One
8%
1988 A brother and sister try to survive in Japan during WWII. Grave of the Fireflies
7%
1965 An American POW leads British soldiers to escape from the Nazis Von Ryan's Express
7%
1969 The RAF runs a daring raid to free a captured pilot and French Resistance fighters from a Gestapo stronghold. Mosquito Squadron
3%
2012 Russian soldiers hunt down mysterious German super tank White Tiger
3%
2016 28 Russian soldiers stop German panzers from advancing on Moscow. Panfilov's 28
1%
2003 Allied soldiers overcome their issues and struggle back to Allied lines. Saints and Soldiers
1%
No matching quizzes found
Score Distribution
Percent of People with Each Score
Percentile by Number Answered
Your Score History
You have not taken this quiz since the last reset